La pérdida de la oportunidad en la responsabilidad civil (Registro nro. 316921)

Detalles MARC
000 -ENCABEZADO
Número de control [NR] 00913 a2200229 4500
005 - FECHA Y HORA DE LA ÚLTIMA TRANSACCIÓN
control field 20191212082119.0
008 - DE LONGITUD FIJA DE DATOS DE ELEMENTOS - INFORMACIÓN GENERAL
Elementos de longitud fija [NR] 191212s2011 ck ||||| |||| 00| 0 spa d
020 ## - NUMERO INTERNACIONAL NORMALIZADO PARA LIBROS [R]
Número Internacional Normalizado del libro [NR] 9789587107364
040 ## - FUENTE DE CATALOGACION [NR]
Agencia de catalogación original [NR] CO-BoUCM
Idioma de catalogación [NR] spa
Quien Cataloga Saul Niño
Quien Clasifica Saul Niño
041 0# - CODIGO DE IDIOMA [R]
Código de idioma para texto/pista de sonido o título separado [R] Español
100 10 - ASIENTO PRINCIPAL--NOMBRE PERSONAL [NR]
Nombre personal [NR] Giraldo Gómez, Luis Felipe
ID Autoridad 99558
245 13 - MENCION DE TITULO [NR]
Título [NR] La pérdida de la oportunidad en la responsabilidad civil
Parte restante del título [NR] su aplicación en el campo de la responsabilidad civil médica
Mención de responsabilidad, etc. [NR] Luis Felipe Giraldo Gómez
260 ## - PUBLICACION, DISTRIBUCION, ETC. (PIE DE IMPRENTA) [R]
Lugar de publicación, distribución, etc. [R] Bogotá (Colombia)
Nombre del editor, distribuidor, etc. [R] Universidad Externado de Colombia
Fecha de publicación, distribución, etc. [R] 2011
300 ## - DESCRIPCION FISICA [R]
Extensión [R] 285 páginas
650 #7 - ASIENTO SECUNDARIO DE MATERIA - TERMINO TEMATICO [R]
9 (RLIN) 23682
Término temático o nombre geográfico como elemento de entrada [NR] Responsabilidad médica
650 #7 - ASIENTO SECUNDARIO DE MATERIA - TERMINO TEMATICO [R]
9 (RLIN) 12465
Término temático o nombre geográfico como elemento de entrada [NR] Daños y perjuicios
650 #7 - ASIENTO SECUNDARIO DE MATERIA - TERMINO TEMATICO [R]
Término temático o nombre geográfico como elemento de entrada [NR] Práctica médica
Subdivisión general [R] Legislación
9 (RLIN) 29489
650 #7 - ASIENTO SECUNDARIO DE MATERIA - TERMINO TEMATICO [R]
9 (RLIN) 23668
Término temático o nombre geográfico como elemento de entrada [NR] Responsabilidad civil
650 #7 - ASIENTO SECUNDARIO DE MATERIA - TERMINO TEMATICO [R]
9 (RLIN) 23692
Término temático o nombre geográfico como elemento de entrada [NR] Responsabilidad profesional
942 ## - ELEMENTOS DE ENTRADA AGREGADOS (KOHA)
Tipo de ítem principal el descrito en 300a Libro
Sistema de clasificación DEWEY
Tema principal Derecho
Edición 1
Clasificación 346.0332
Parte restante de la signatura top. G516p
Existencias
Fecha de último préstamo Total préstamos Total Renewals Signatura topográfica Código de barras Prestado Última vez visto Ejemplar Costo de reposición Price effective from Tipo de ítem Perdido Sistema de clasificación Dañado No prestable Tipo de ítem específico Suprimido Ubicación habitual Ubicación actual Localización Fecha de creación Proveedor Forma de adquisición Costo
22/05/2026 5 3 346.0332 G516p 100165573 23/07/2026 22/05/2026 Ej.1 26000.00 05/12/2019 Libro   DEWEY     Libro   Claustro Claustro 3er piso 05/12/2019 12 Donación 0.00